[Event "Wch U12 Girls"]
[Site "Montesilvano"]
[Date "2024.11.22"]
[Round "7"]
[White "Ahmed Mohamed, Zakaa"]
[Black "Liang, Candice"]
[Result "1-0"]
[WhiteElo "1866"]
[BlackElo "1551"]
[PlyCount "87"]
[EventDate "2024.11.15"]
[EventType "swiss"]
[EventRounds "11"]
[EventCountry "ITA"]
[SourceTitle "CB48_2024"]
[SourceDate "2024.11.28"]
[SourceVersion "1"]
[SourceVersionDate "2024.11.28"]
[SourceQuality "1"]

1. e4 c5 2. Nc3 Nc6 3. f4 g6 4. Bc4 e6 5. f5 exf5 6. d3 fxe4 7. dxe4 Bg7 8. Nf3 Nf6 9. 0-0 0-0 10. Bf4 Na5 11. Be2 Qb6 12. Bd6 c4+ 13. Kh1 Re8 14. e5 Ng4 15. Nd5 Nf2+ 16. Rxf2 Qxf2 17. Nc7 b5 18. Nxe8 Bb7 19. Nf6+ Bxf6 20. exf6 Re8 21. Be7 Qe3 22. Qxd7 Bc6 23. Qd2 Qxd2 24. Nxd2 Bd5 25. Bg4 Bc6 26. Nf3 h5 27. Bh3 c3 28. b3 Bxf3 29. gxf3 a6 30. a4 Rb8 31. axb5 Rxb5 32. b4 Nc6 33. Bd7 Rd5 34. Bxc6 Rd2 35. Be4 h4 36. Rxa6 h3 37. Ra1 Rd7 38. b5 Kh7 39. b6 Kh6 40. b7 g5 41. b8Q g4 42. Qf4+ Kh5 43. Qxg4+ Kh6 44. Bf8# 1-0

[Event "Wch U12 Girls"]
[Site "Montesilvano"]
[Date "2024.11.19"]
[Round "5"]
[White "Ahmed Mohamed, Zakaa"]
[Black "Abylaykyzy, Bibisara"]
[Result "0-1"]
[WhiteElo "1866"]
[BlackElo "1694"]
[PlyCount "70"]
[EventDate "2024.11.15"]
[EventType "swiss"]
[EventRounds "11"]
[EventCountry "ITA"]
[SourceTitle "CB48_2024"]
[SourceDate "2024.11.28"]
[SourceVersion "1"]
[SourceVersionDate "2024.11.28"]
[SourceQuality "1"]

1. e4 c5 2. Nc3 Nc6 3. f4 g6 4. Nf3 Bg7 5. Bc4 e6 6. f5 Nge7 7. fxe6 dxe6 8. 0-0 0-0 9. d3 a6 10. Qe1 Na5 11. Bb3 Nxb3 12. axb3 Nc6 13. Be3 b6 14. Qg3 Bb7 15. Bf4 e5 16. Bg5 f6 17. Bd2 Nd4 18. Nxd4 cxd4 19. Ne2 Rc8 20. Rac1 f5 21. exf5 gxf5 22. Bg5 Qd6 23. Qh4 Qg6 24. Rf2 f4 25. Be7 Rf7 26. Qg5 Bh6 27. Qxe5 f3 28. Nxd4 Bxc1 29. Bb4 fxg2 30. Rxf7 Qxf7 31. Nf5 Qxf5 32. Qg3+ Kh8 33. Bc3+ Rxc3 34. Qb8+ Rc8 35. Qxb7 Qf1# 0-1

[Event "Wch U12 Girls"]
[Site "Montesilvano"]
[Date "2024.11.16"]
[Round "2"]
[White "Xu, Melissa"]
[Black "Ahmed Mohamed, Zakaa"]
[Result "0-1"]
[WhiteElo "1731"]
[BlackElo "1866"]
[PlyCount "130"]
[EventDate "2024.11.15"]
[EventType "swiss"]
[EventRounds "11"]
[EventCountry "ITA"]
[SourceTitle "CB48_2024"]
[SourceDate "2024.11.28"]
[SourceVersion "1"]
[SourceVersionDate "2024.11.28"]
[SourceQuality "1"]

1. e4 e5 2. Nf3 d6 3. d4 Nd7 4. Bc4 c6 5. 0-0 Be7 6. Nc3 Ngf6 7. a4 0-0 8. Re1 Qc7 9. Bb3 h6 10. h3 Re8 11. Be3 Nf8 12. Qd2 Ng6 13. Rad1 Nh5 14. d5 c5 15. Ne2 a6 16. c4 Bd7 17. Nh2 Qb6 18. Qc2 Nf6 19. Nc3 Rf8 20. Rf1 Nh5 21. Ne2 Qd8 22. f4 exf4 23. Bxf4 Nhxf4 24. Nxf4 Nxf4 25. Rxf4 Bg5 26. Rf3 Qe7 27. Re1 Qe5 28. Rc3 Bf6 29. Re2 Rae8 30. g4 h5 31. Qd3 hxg4 32. hxg4 Qf4 33. Qg3 Rxe4 34. Qxf4 Rxf4 35. Rg3 b5 36. axb5 axb5 37. cxb5 Bxb5 38. Rd2 c4 39. Bd1 Rd4 40. Rgg2 Re8 41. Nf3 Rxd2 42. Rxd2 Re4 43. Rg2 Ba6 44. g5 Bd4+ 45. Nxd4 Rxd4 46. Bf3 Bb7 47. Rc2 Bxd5 48. Bxd5 Rxd5 49. Rxc4 Rxg5+ 50. Kf2 Rb5 51. Rc2 Kh7 52. Rd2 d5 53. Kf3 Kg6 54. Rd4 Rxb2 55. Rxd5 Rb4 56. Kg3 f5 57. Rd6+ Kg5 58. Rd5 Rb3+ 59. Kg2 Kg4 60. Rd4+ f4 61. Rc4 g5 62. Rd4 Rb2+ 63. Kg1 Kg3 64. Rd3+ f3 65. Rc3 Rb1+ 0-1

[Event "Africa-ch U12 Girls"]
[Site "Johannesburg"]
[Date "2024.06.22"]
[Round "9"]
[White "Gathoni, Onyango Shirlyn"]
[Black "Ahmed Mohamed, Zakaa"]
[Result "0-1"]
[WhiteElo "1626"]
[BlackElo "1729"]
[PlyCount "108"]
[EventDate "2024.06.16"]
[EventType "swiss"]
[EventRounds "9"]
[EventCountry "RSA"]
[SourceTitle "EXT 2025"]
[Source "ChessBase"]
[SourceDate "2024.10.14"]
[SourceVersion "1"]
[SourceVersionDate "2024.10.14"]
[SourceQuality "1"]

1. e4 e5 2. Nf3 d6 3. Bc4 Be7 4. 0-0 Nf6 5. Nc3 0-0 6. h3 h6 7. d4 Nbd7 8. Re1 c6 9. Nh2 Qc7 10. f4 exd4 11. Ne2 Nxe4 12. Nxd4 d5 13. Bd3 Ndc5 14. c4 Bd6 15. Rf1 Ne6 16. Nxe6 Bxe6 17. Qf3 Bc5+ 18. Kh1 Bf5 19. Bxe4 Bxe4 20. Qg4 f5 21. Qe2 Rae8 22. a3 a5 23. b3 Bd4 24. Bb2 Bxb2 25. Qxb2 Bd3 26. Rfe1 Qxf4 27. Qc3 dxc4 28. bxc4 Qxc4 29. Qxa5 Rxe1+ 30. Rxe1 Be4 31. Nf1 Qd5 32. Qxd5+ cxd5 33. Ng3 Kf7 34. Rc1 Ke6 35. Rc7 Rf7 36. Rxf7 Kxf7 37. Nxe4 fxe4 38. Kg1 Ke6 39. Kf2 Ke5 40. Ke3 d4+ 41. Ke2 Kf4 42. Kd2 Kg3 43. Ke2 Kxg2 44. Kd2 Kf2 45. Kc2 e3 46. Kd3 e2 47. Kxd4 e1Q 48. Kc4 Qa5 49. Kb3 Ke3 50. Kb2 Kd2 51. Kb3 g5 52. Kb2 Qb5+ 53. Ka2 Kc2 54. Ka1 Qb2# 0-1

[Event "Africa-ch U12 Girls"]
[Site "Johannesburg"]
[Date "2024.06.20"]
[Round "7"]
[White "Ahmed Mohamed, Zakaa"]
[Black "Suhana, Anil Yadav"]
[Result "1-0"]
[WhiteElo "1729"]
[BlackElo "1466"]
[PlyCount "77"]
[EventDate "2024.06.16"]
[EventType "swiss"]
[EventRounds "9"]
[EventCountry "RSA"]
[SourceTitle "EXT 2025"]
[Source "ChessBase"]
[SourceDate "2024.10.14"]
[SourceVersion "1"]
[SourceVersionDate "2024.10.14"]
[SourceQuality "1"]

1. e4 c6 2. d4 d5 3. Nd2 dxe4 4. Nxe4 Nf6 5. Nxf6+ exf6 6. Bc4 b5 7. Bb3 Bb7 8. Nf3 c5 9. c3 cxd4 10. cxd4 Bb4+ 11. Bd2 Bxd2+ 12. Qxd2 Bxf3 13. gxf3 0-0 14. 0-0-0 Qc8+ 15. Kb1 Qf5+ 16. Bc2 Qxf3 17. Rde1 Qb7 18. Be4 Nc6 19. d5 Ne5 20. d6 Nc6 21. Rc1 Rac8 22. d7 Rc7 23. Bxc6 Rxc6 24. d8Q Rxc1+ 25. Rxc1 Qe4+ 26. Ka1 Re8 27. Q8d5 Qxd5 28. Qxd5 h6 29. Qxb5 Kf8 30. a3 Re5 31. Rc8+ Ke7 32. Rc7+ Kf8 33. Qb8+ Re8 34. Qxa7 Re1+ 35. Ka2 Re8 36. Rxf7+ Kg8 37. Rxg7+ Kh8 38. Rh7+ Kg8 39. Qg7# 1-0

[Event "Africa-ch U12 Girls"]
[Site "Johannesburg"]
[Date "2024.06.18"]
[Round "4"]
[White "Ahmed Mohamed, Zakaa"]
[Black "Kuka, Riziki"]
[Result "1-0"]
[WhiteElo "1729"]
[BlackElo "1483"]
[PlyCount "32"]
[EventDate "2024.06.16"]
[EventType "swiss"]
[EventRounds "9"]
[EventCountry "RSA"]
[SourceTitle "EXT 2025"]
[Source "ChessBase"]
[SourceDate "2024.10.14"]
[SourceVersion "1"]
[SourceVersionDate "2024.10.14"]
[SourceQuality "1"]

1. e4 e5 2. Nf3 Nc6 3. Bc4 Bc5 4. c3 Nf6 5. d3 d6 6. 0-0 0-0 7. h3 Be6 8. Bb5 h6 9. d4 exd4 10. cxd4 Bxh3 11. gxh3 Bb6 12. Re1 Nh7 13. Nc3 g5 14. Be3 Kh8 15. d5 Ne7 16. Bxb6 axb6 1-0

[Event "Africa-ch U12 Girls"]
[Site "Johannesburg"]
[Date "2024.06.17"]
[Round "3"]
[White "Chebet, Staisy"]
[Black "Ahmed Mohamed, Zakaa"]
[Result "0-1"]
[WhiteElo "1457"]
[BlackElo "1729"]
[PlyCount "76"]
[EventDate "2024.06.16"]
[EventType "swiss"]
[EventRounds "9"]
[EventCountry "RSA"]
[SourceTitle "EXT 2025"]
[Source "ChessBase"]
[SourceDate "2024.10.14"]
[SourceVersion "1"]
[SourceVersionDate "2024.10.14"]
[SourceQuality "1"]

1. c4 e5 2. Nc3 Nf6 3. e4 Be7 4. g3 d6 5. Bg2 0-0 6. Nge2 Be6 7. d3 c6 8. 0-0 Qd7 9. f4 Bh3 10. fxe5 dxe5 11. b3 Rd8 12. Bb2 Bxg2 13. Kxg2 Qxd3 14. Qxd3 Rxd3 15. Rad1 Rxd1 16. Rxd1 Na6 17. a3 Nc5 18. b4 Ncxe4 19. Nxe4 Nxe4 20. Bxe5 f6 21. Rd7 Kf8 22. Bf4 g5 23. Bc7 Rc8 24. Rd4 Rxc7 25. Rxe4 Rd7 26. Rd4 Rxd4 27. Nxd4 Kf7 28. Kf3 c5 29. Nc2 Ke6 30. b5 Ke5 31. Ke3 f5 32. a4 b6 33. Kf3 g4+ 34. Ke3 Bg5+ 35. Kd3 f4 36. gxf4+ Bxf4 37. Ne3 Bxe3 38. Kxe3 h5 0-1

[Event "EGY-ch (Women)"]
[Site "Cairo"]
[Date "2024.04.18"]
[Round "3"]
[White "Ashraf, Hafsa"]
[Black "Ahmed Mohamed, Zakaa"]
[Result "0-1"]
[WhiteElo "1485"]
[BlackElo "1692"]
[PlyCount "118"]
[EventDate "2024.04.17"]
[EventType "swiss"]
[EventRounds "9"]
[EventCountry "EGY"]
[SourceTitle "CBM 220 Extra"]
[Source "ChessBase"]
[SourceDate "2024.07.31"]
[SourceVersion "1"]
[SourceVersionDate "2024.07.31"]
[SourceQuality "1"]

1. d4 Nf6 2. c4 e6 3. Nc3 Bb4 4. Qb3 c5 5. dxc5 Bxc5 6. Bg5 Bxf2+ 7. Kd1 h6 8. Bf4 0-0 9. Qc2 Bb6 10. Qd3 Ng4 11. Nh3 Bc7 12. Qf3 Bxf4 13. Qxg4 Be5 14. Rc1 d5 15. Kc2 d4 16. Ne4 f5 17. Qh5 Nd7 18. Nd2 Nf6 19. Qh4 Qa5 20. a3 Bd7 21. Nf3 Ng4 22. Kb1 Bf6 23. Qg3 Rac8 24. Qd6 Qc7 25. Qxc7 Rxc7 26. g3 e5 27. Bg2 Ne3 28. Rhg1 Nxg2 29. Rxg2 e4 30. Ne1 Rfc8 31. b3 b5 32. Nf4 Bg5 33. Rc2 Bxf4 34. gxf4 bxc4 35. b4 d3 36. exd3 cxd3 37. Rxc7 Rxc7 38. Rd2 Bb5 39. Kb2 e3 40. Rd1 d2 41. Ng2 Be2 42. Nxe3 Bxd1 43. Nxd1 Rc1 44. a4 Rxd1 45. Kc2 Ra1 46. Kxd2 Rxa4 47. Kc3 Ra3+ 48. Kc4 Rf3 49. Kc5 Rxf4 50. b5 Ra4 51. Kc6 f4 52. Kc5 f3 53. b6 axb6+ 54. Kb5 Re4 55. h4 f2 56. h5 f1Q+ 57. Kxb6 Qc1 58. Kb7 Rb4+ 59. Ka6 Qa3# 0-1